|
|
|
|
| LEADER |
02776nam a2200553 4500 |
| 001 |
978-3-319-92940-8 |
| 003 |
DE-He213 |
| 005 |
20191026062402.0 |
| 007 |
cr nn 008mamaa |
| 008 |
180618s2018 gw | s |||| 0|eng d |
| 020 |
|
|
|a 9783319929408
|9 978-3-319-92940-8
|
| 024 |
7 |
|
|a 10.1007/978-3-319-92940-8
|2 doi
|
| 040 |
|
|
|d GrThAP
|
| 050 |
|
4 |
|a TP155-156
|
| 072 |
|
7 |
|a TDC
|2 bicssc
|
| 072 |
|
7 |
|a SCI013060
|2 bisacsh
|
| 072 |
|
7 |
|a TDC
|2 thema
|
| 082 |
0 |
4 |
|a 660
|2 23
|
| 100 |
1 |
|
|a Ballesteros, Lina Fernanda.
|e author.
|4 aut
|4 http://id.loc.gov/vocabulary/relators/aut
|
| 245 |
1 |
0 |
|a Lignocellulosic Materials and Their Use in Bio-based Packaging
|h [electronic resource] /
|c by Lina Fernanda Ballesteros, Michele Michelin, António Augusto Vicente, José António Teixeira, Miguel Ângelo Cerqueira.
|
| 250 |
|
|
|a 1st ed. 2018.
|
| 264 |
|
1 |
|a Cham :
|b Springer International Publishing :
|b Imprint: Springer,
|c 2018.
|
| 300 |
|
|
|a XVI, 97 p. 11 illus.
|b online resource.
|
| 336 |
|
|
|a text
|b txt
|2 rdacontent
|
| 337 |
|
|
|a computer
|b c
|2 rdamedia
|
| 338 |
|
|
|a online resource
|b cr
|2 rdacarrier
|
| 347 |
|
|
|a text file
|b PDF
|2 rda
|
| 490 |
1 |
|
|a Biobased Polymers,
|x 2510-3407
|
| 505 |
0 |
|
|a Lignocellulosic materials: sources and extraction methods -- Functional properties of lignocellulosic materials -- Bio-based packaging materials -- Use of lignocellulosic materials for the development of bio-based packaging -- Main properties of bio-based packaging -- Bio-based packaging applications.
|
| 520 |
|
|
|a .
|
| 650 |
|
0 |
|a Chemical engineering.
|
| 650 |
|
0 |
|a Polymers .
|
| 650 |
|
0 |
|a Materials-Surfaces.
|
| 650 |
|
0 |
|a Thin films.
|
| 650 |
1 |
4 |
|a Industrial Chemistry/Chemical Engineering.
|0 http://scigraph.springernature.com/things/product-market-codes/C27000
|
| 650 |
2 |
4 |
|a Polymer Sciences.
|0 http://scigraph.springernature.com/things/product-market-codes/C22008
|
| 650 |
2 |
4 |
|a Surfaces and Interfaces, Thin Films.
|0 http://scigraph.springernature.com/things/product-market-codes/Z19000
|
| 700 |
1 |
|
|a Michelin, Michele.
|e author.
|4 aut
|4 http://id.loc.gov/vocabulary/relators/aut
|
| 700 |
1 |
|
|a Vicente, António Augusto.
|e author.
|4 aut
|4 http://id.loc.gov/vocabulary/relators/aut
|
| 700 |
1 |
|
|a Teixeira, José António.
|e author.
|4 aut
|4 http://id.loc.gov/vocabulary/relators/aut
|
| 700 |
1 |
|
|a Cerqueira, Miguel Ângelo.
|e author.
|4 aut
|4 http://id.loc.gov/vocabulary/relators/aut
|
| 710 |
2 |
|
|a SpringerLink (Online service)
|
| 773 |
0 |
|
|t Springer eBooks
|
| 776 |
0 |
8 |
|i Printed edition:
|z 9783319929392
|
| 776 |
0 |
8 |
|i Printed edition:
|z 9783319929415
|
| 830 |
|
0 |
|a Biobased Polymers,
|x 2510-3407
|
| 856 |
4 |
0 |
|u https://doi.org/10.1007/978-3-319-92940-8
|z Full Text via HEAL-Link
|
| 912 |
|
|
|a ZDB-2-CMS
|
| 950 |
|
|
|a Chemistry and Materials Science (Springer-11644)
|